| 000 | 00622nam a22002297a 4500 | ||
|---|---|---|---|
| 005 | 20220312103118.0 | ||
| 008 | 220312b ||||| |||| 00| 0 eng d | ||
| 020 | _a9788193886816 | ||
| 040 | _cAL | ||
| 041 | _aEnglish | ||
| 082 |
_223 _a621.3841 _bMATG |
||
| 100 |
_aJoseph Mattappally _923469 |
||
| 245 | _aGateway to Ham Radio:all about Amateur Radio | ||
| 250 | _a2 | ||
| 260 |
_aKochi _bMain Stream Media _c2021 |
||
| 300 |
_a238 p. _bPB _c21x14 cm. |
||
| 365 |
_c₹ _d₹375.00 |
||
| 650 |
_aBasic Electronics _923462 |
||
| 650 |
_aRadio _923463 |
||
| 700 |
_aMATTAPPALLY (Joseph) _923464 |
||
| 942 |
_2ddc _cDB |
||
| 999 |
_c221836 _d221836 |
||